000 00379nam a2200145 i 4500
001 bg
100 1 _aSADOWSKA-WRÓBLEWSKA, M.
245 0 _aChoroby kręgosłupa w praktyce reumatologicznej /
_cM. Sadowska-Wróblewska.
250 _aWyd. 2 zmien.
260 _aWarszawa,
_c1984.
040 _cBPK
041 _apol
942 _cKS
008 s pl f |000 0 pol
999 _c22673
_d22673
856 _uhttp://koha.tu.koszalin.pl/cgi-bin/koha/opac-detail.pl?biblionumber=22673
_yKatalog online BPK